Prescripción adquisitiva de dominio (Registro nro. 3523)

Detalles MARC
000 -LEADER
fixed length control field 00970 a2200217 4500
001 - CONTROL NUMBER
control field 41656
005 - DATE AND TIME OF LATEST TRANSACTION
control field 20260407155709.0
008 - FIXED-LENGTH DATA ELEMENTS--GENERAL INFORMATION
fixed length control field 260407a1977 arg spa d
003 - CONTROL NUMBER IDENTIFIER
control field AR-UNSa-BCEJYS
040 ## - CATALOGING SOURCE
Original cataloging agency AR-UNSa-BCEJYS
Language of cataloging spa
Transcribing agency AR-UNSa-BCEJYS
080 ## - UNIVERSAL DECIMAL CLASSIFICATION NUMBER
Universal Decimal Classification number 347.232.4
Common auxiliary subdivision Usucapión. Adquisición por uso. Prescripción adquisitiva
041 ## - LANGUAGE CODE
Language code of text/sound track or separate title spa
100 1# - MAIN ENTRY--PERSONAL NAME
Personal name Levitán, José
245 10 - TITLE STATEMENT
Title Prescripción adquisitiva de dominio
250 ## - EDITION STATEMENT
Edition statement 2a. ed.
264 #1 - PRODUCTION, PUBLICATION, DISTRIBUTION, MANUFACTURE, AND COPYRIGHT NOTICE
Place of production, publication, distribution, manufacture Buenos Aires :
Name of producer, publisher, distributor, manufacturer Astrea
Date of production, publication, distribution, manufacture, or copyright notice 1977
300 ## - PHYSICAL DESCRIPTION
Extent 341 p.
Dimensions 20 cm.
505 ## - FORMATTED CONTENTS NOTE
Formatted contents note 1. Prescripción adquisitiva de inmuebles en el derecho argentino - 2. Análisis de las etapas de la usucapión en el derecho argentino - 3. Análisis de las disposiciones del nuevo código procesal civil y comercial de la provincia de Buenos Aires - 4. Acción reivindicatoria del propietario frente al prescribiente - 5. Prescripción adquisitiva de sepulcros
590 ## - LOCAL NOTE (RLIN)
Local note niveau_biblio:m niveau_hierar:0
942 ## - ADDED ENTRY ELEMENTS (KOHA)
Koha item type
Existencias
Withdrawn status Lost status Damaged status Not for loan Home library Current library Shelving location Date acquired Total checkouts Full call number Barcode Date last seen Price effective from Koha item type
        Biblioteca Prof. Eusebio Cleto del Rey Biblioteca Prof. Eusebio Cleto del Rey   07/04/2026   347.232.4 L664 2ed. L87274 07/04/2026 07/04/2026 Libro